| 000 | 00561nam a2200193 4500 | ||
|---|---|---|---|
| 003 | LK-CoMWRAF | ||
| 005 | 20231109122249.0 | ||
| 008 | 230818b2018 |||||||| |||| 00| 0 eng d | ||
| 020 | _a9789555802178 | ||
| 040 |
_aLK-CoMWRAF _dLK-CoMWRAF _eLK-CoMWRAF |
||
| 041 | _aeng | ||
| 082 |
_a305.42 _bEXP |
||
| 245 | _aExploring Women’s Empowerment | ||
| 260 |
_aColombo: _b International Center For Ethnic Studies, _c2018 |
||
| 300 |
_axviii, 557 p. _bBibliography and Index included. |
||
| 650 | _aFEMINISM | ||
| 700 |
_aVithanagama, Ranmini _eed. |
||
| 942 | _cBK | ||
| 999 |
_c3208 _d3208 |
||